000 00788nam a2200205Ia 4500
008 0000001994 usa 0000000000eng00
090 _aPPR00 V24j
100 1 _aVelázquez, Juan Ramón
_d1950
245 1 0 _aJuan Ramón Velázquez
_b: the anatomy of being
_c/ photos José Marcano
300 _a[12] p.
_c/ 22 cm.
500 _aCon el patronazgo del maestro venezolano Jesús Rafael Soto (q.e.p.d.) \ Registro auspiciado por el IDCT. Bogotá
600 0 0 _aVELASQUEZ, JUAN RAMON, 1950/
_xTRABAJOS PICTORICOS
650 1 4 _aARTE CONTEMPORANEO PUERTORRIQUEÑO
650 1 4 _xCATALOGOS
650 1 4 _xEXPOSICIONES
650 1 4 _aPINTORES PUERTORRIQUEÑOS
650 1 4 _aPINTURA PUERTORRIQUEÑA
700 1 _aMarcano, José
999 _c4242
_d4242
260 _aCoral Gables : Meza Fine Art
_c1994